000 00182nam a2200085 4500
001 1256610
005 20260102101517.0
245 _aDEDEKTİF KURU KAFA
_cDEREK LANDY
260 _bARTEMİS
999 _c1256610
_d1256610